000 00796nam a22003017a 4500
001 BR9300481
003 BR-BrBNA
005 20230928093822.0
007 ta
008 230509b bl.||||| |||| 00| 0 por d
040 _aBR-BrBNA
_bpor
_cBiblioteca Nacional de Agricultura
041 _a(Por)
072 _aL73
_b5212
090 _ 5212 BR9300481
100 1 _aCharles, T.P.
100 1 _aFurlong, J.
110 1 _aCentro Nacional de Pesquisa de Gado de Leite, Coronel Pacheco, MG (Brasil)
_91775
245 1 _aDiarreia dos bezerros
260 3 _aCoronel Pacheco, MG (Brasil):
_c1992.
300 _a107 p.
500 _a26 ref.
650 _aBezerro
650 _aDiarreia
650 _aEimeriose
650 _aVerminose
909 _a202309
_bLucia
_c55
_dLucia Elande
942 _cBK
999 _c47296
_d47296